Augenzeuge einer Tragödie
| Titel: | Augenzeuge einer Tragödie : Diplomatenjahre in Prag 1936 - 1939 / Andor Hencke |
|---|---|
| Verfasser: | |
| Veröffentlicht: | München : Fides-Verlagsgesellschaft, 1977 |
| Umfang: | 351 S. ; 24 cm |
| Format: | Buch |
| Sprache: | Deutsch |
| Schriftenreihe/ mehrbändiges Werk: |
Veröffentlichung des Sudetendeutschen Archivs in München ; 11 |
| RVK-Notation: |
X
| Lokale Klassifikation: | 22 7 L ; 2 H 889 ; 23 8 P 301 |
|---|
alg: 7975212 001A $06000:26-07-99 001B $01999:12-05-23 $t22:38:23.000 001C $06002:26-10-07 $t17:19:19.000 001D $00043:07-04-21 001U $0utf8 001X $00 002@ $0Aaf 003@ $0079752128 003O $004229743 $aOCoLC 004A $fkart. (Pr. nicht mitget.) 007T $0Herdhh079752128 010@ $ager 011@ $a1977 $n1977 015@ $00 021A $aAugenzeuge einer Tragödie $dDiplomatenjahre in Prag 1936 - 1939 $hAndor Hencke 028A $7118549081 $8Hencke, Andor$Z1895-1984 [Tp1] $9086890115 033A $pMünchen $nFides-Verlagsgesellschaft 034D $a351 S. 034I $a24 cm 036E $aVeröffentlichung des Sudetendeutschen Archivs in München $l11 036F $x211 $8Veröffentlichung des Sudetendeutschen Archivs in München $9001482629 $l11 037A $aLiteraturverz. S. 337 - 338. 044K $RProtektorat Böhmen und Mähren $RSlowakei $RSlowakei $RTschechien $#Tschechoslowakei $#Tschechoslowakei $#Tschechische und Slowakische Föderative Republik $#République Tchéco-Slovaque $#Tchécoslovaquie $#Československá Federativní Republika $#Česká a Slovenská Federativní Republika $#Czech and Slovak Federal Republic $#ČSFR $#ČSSR $#ČSR $#RČS $#Československo $#Československá Socialistická Republika $#Československá Republika $#Tschechoslowakische Sozialistische Republik $#Tschechoslowakische Republik $#Tschechoslowakische Föderative Republik $#Republika Československá $#Czechoslovakia $#Čechoslovakische Republik $#République Tchécho-Slovaque $#Tchéchoslovaquie $#Czechoslovak Socialist Republic $#Checoeslovaquia $#Cecoslovacchia $#Čechoslovakija $#République tchécoslovaque $74078435-6 $8Tschechoslowakei [Tg1] $9085222305 045B $a327.430437 $ALoC $eDDCoclc 045F $a900.943709041 $eDDC23BSB 045F/01 $a900 045F/03 $f09041 045F/03 $f09042 045F/03 $f09043 045F/03 $g437 045F/03 $g4371 045R $aGeschichte 1936-1939 045Z $8NQ 2440 [Tkv] $9410912352 lok: 7975212 3 101B $013-05-11 $t09:29:32.000 101C $013-05-11 101U $0utf8 145S/01 $a007 exp: 7975212 3 1 #EPN 201B/01 $009-04-11 $t17:25:52.000 201U/01 $0utf8 203@/01 $0615778798 206W/01 $0UB1-s5580956 208@/01 $a01-01-11 $brAa 209A/01 $a11.385.04 $du $f000 $x00 209B/01 $aStUB-Retro $x05 209G/01 $a11385044 $x00 209U/01 $qimage/gif $A2 $3Katalogkarte der UB Frankfurt $uhttp://resolver.hebis.de/retro/s5580956 $mV:DE-603;B:DE-30 247C/01 $8601000-3 <30>Frankfurt, Universitätsbibliothek J. C. Senckenberg, Zentralbibliothek (ZB) $9102598258 lok: 7975212 11 exp: 7975212 11 1 #EPN 201B/01 $007-04-21 $t08:31:21.000 201C/01 $007-04-21 201U/01 $0utf8 203@/01 $01148213082 206V/01 $0w0691075 208@/01 $a07-04-21 $br 209A/01 $a60 80 A 1020 $du $f100 $x00 209B/01 $aretro $x05 209C/01 $a5-80-45 247C/01 $8620100-3 <43>Wiesbaden, Hochschul- und Landesbibliothek RheinMain, Rheinstraße $9102599572 lok: 7975212 24 101B $029-07-05 $t08:49:46.000 145Z/01 $a22 7 L 145Z/02 $a2 H 889 145Z/03 $a23 8 P 301 101U $0utf8 exp: 7975212 24 1 #EPN 201B/01 $019-06-12 $t13:21:30.000 201C/01 $029-07-05 201U/01 $0utf8 203@/01 $0274398923 208@/01 $a29-07-05 $br 209A/01 $a22 VII L 268 $du $f050 $h22 7 L 268 $x00 209C/01 $aT 78.0422 $h78 0422 T 209G/01 $a71107744 $x00 220C/01 $akol 244Z/01 $7118549081 $8--Tp1--Hencke, Andor$Z1895-1984 $x01 $9086890115 247C/01 $8358050-7Marburg, Bibliothek des Herder-Instituts Marburg $9102600961 lok: 7975212 78 exp: 7975212 78 1 #EPN 201B/01 $025-11-17 $t23:16:30.000 201U/01 $0utf8 203@/01 $0793428580 208@/01 $a12-11-16 $be 209A/01 $a/ $f000 $x00 237A/01 $aweiterführende Signatur(en): Herder-Institut: 22 VII L 268 244Z/01 $#Tschechien $#Tschechische Republik $#Tschechische Republik $#Tschechenland $#Tschechei Tschechien $#Česká Republika $#Czech Republic $#ČR $74303381-7 $8--Tg1--Tschechien $x01 $9086659812 244Z/01 $2Trx $#Böhmen $#Bohemia $#Czechy $8--Trx--Čechy $x02 $9391188941 244Z/01 $2Trx $8--Trx--Monographie $x03 $9391384546 245Z/01 $a06.04.02 $x01 247C/01 $82080>Marburg/Lahn, Herder-Institut, Forschungsbibliothek, Bibliographieportal $9336309341
| LEADER | 00000cam a22000002c 4500 | ||
|---|---|---|---|
| 001 | 079752128 | ||
| 003 | DE-603 | ||
| 005 | 20230512223823.0 | ||
| 007 | tu | ||
| 008 | 990726s1977 xx |||| | u00||u|ger c | ||
| 035 | |a (DE-599)HEB079752128 | ||
| 035 | |a (OCoLC)04229743 | ||
| 040 | |a DE-603 |b ger |c DE-603 |d DE-603 | ||
| 041 | |a ger | ||
| 082 | 0 | 4 | |8 1\u |a 900.943709041 |q DE-101 |2 23/BSB |
| 083 | 7 | |8 2\p |a 327.430437 |2 oc/lc | |
| 084 | |a NQ 2440 |0 (DE-625)128264: |0 (DE-603)410912352 |2 rvk | ||
| 085 | |8 1\u |b 900 | ||
| 085 | |8 1\u |z 1 |s 09041 | ||
| 085 | |8 1\u |z 1 |s 09042 | ||
| 085 | |8 1\u |z 1 |s 09043 | ||
| 085 | |8 1\u |z 2 |s 437 | ||
| 085 | |8 1\u |z 2 |s 4371 | ||
| 100 | 1 | |a Hencke, Andor |d 1895-1984 |0 (DE-603)086890115 |0 (DE-588)118549081 |2 gnd | |
| 245 | 0 | 0 | |a Augenzeuge einer Tragödie |b Diplomatenjahre in Prag 1936 - 1939 |c Andor Hencke |
| 264 | 1 | |a München |b Fides-Verlagsgesellschaft |c 1977 | |
| 300 | |a 351 S. |c 24 cm | ||
| 490 | 1 | |a Veröffentlichung des Sudetendeutschen Archivs in München |v 11 | |
| 500 | |a Literaturverz. S. 337 - 338. | ||
| 648 | 7 | |a Geschichte 1936-1939 |2 gnd | |
| 651 | 7 | |a Tschechoslowakei |0 (DE-588)4078435-6 |0 (DE-603)085222305 |2 gnd | |
| 810 | 2 | 2 | |a Sudetendeutsches Archiv |t Veröffentlichung des Sudetendeutschen Archivs in München |v 11 |w (DE-603)001482629 |w (DE-600)504307-4 |9 211 |7 as |
| 883 | 0 | |8 2\p |q LoC | |
| 924 | 0 | |9 30 |a (DE-603)615778798 |b DE-30 |c HES |d c |g 11.385.04 | |
| 924 | 0 | |9 43 |a (DE-603)1148213082 |b DE-43 |c HES |d c |g 60 80 A 1020 | |
| 924 | 0 | |9 Mb 50 |a (DE-603)274398923 |b DE-Mb50 |c HES |d c |g 22 VII L 268 | |
| 924 | 0 | |9 2080 |a (DE-603)793428580 |b DE-2080 |c HES |d d |g / | |


